La mente rubata. (Record n. 212550)
[ formato base ]
| 000 -LEADER | |
|---|---|
| campo di controllo lung. fissa | 01439nam a2200229Ia 4500 |
| 001 - Numero di controllo | |
| campo di controllo | b4684-30373 |
| 003 - Identificatore del numero di controllo | |
| campo di controllo | IT-MiCISF |
| 005 - Data e orario dell'ultima transazione | |
| campo di controllo | 20250516145031.0 |
| 008 - Elementi di lunghezza fissa--Informazione generale | |
| campo di controllo lung. fissa | 161014s9999||||xx |||||||||||||| ||und|| |
| 040 ## - Fonte della catalogazione | |
| Agenzia catalografica originale | IT-MiCISF |
| Agenzia che fa la trascrizione | IT-MiCISF |
| 041 ## - Codice di lingua | |
| Codice di lingua del testo/traccia sonora o titolo separato | it |
| 100 ## - Accesso principale -- nome di persona | |
| Nome di persona | Censis |
| 9 (RLIN) | 61081 |
| 245 #0 - Formulazione del titolo | |
| Titolo | La mente rubata. |
| Complemento del titolo | Bisogni e costi sociali della malattia di Alzheimer |
| 260 ## - Pubblicazione, distribuzione, ecc. (stampa) | |
| Luogo di pubblicazione, distribuzione, ecc. | Milano, |
| Nome dell'editore, distributore, ecc. | Franco Angeli, |
| Data di pubblicazione, distribuzione, ecc. | 1999 |
| 300 ## - Descrizione fisica | |
| Estensione | pp. 188 |
| 500 ## - Nota generale | |
| Nota generale | malattie-mentali, famiglia, servizi-sanitari, società |
| 501 ## - Nota | |
| Nota | titolo del frontespizio: Alzheimer. I costi sociali e i bisogni assistenziali di una "malattia familiare" |
| 520 ## - Riassunto, ecc. | |
| Nota di riassunto, ecc. | Sono quasi 500.000 le famiglie toccate dal dramma dell'Alzheimer e sostanzialmente abbandonate nella loro difficile situazione. L'indagine conferma il carattere familiare della malattia in duplice senso: da un lato è risultato totale il coinvolgimento della famiglia nella cura, nell'assistenza, nel sostegno psaicologico e nella tutela del proprio congiunto, e dall'altro è risultata estrema la carenza dei servizi sanitari e socio-assistenziali di supporto ai bisogni di assistenza, con una implicita e completa delega alla famiglia. La ricerca indaga le caratteristiche socio-demografiche dei pazienti e dei care-giver, la situazione clinica, la dimensione assistenziale, la dimensione economica e psico-relazionale. |
| 650 ## - Accesso aggiunto di soggetto--termine topico | |
| Termine topico o nome geografico come accesso | Salute-cura |
| Termine di ruolo | 007 |
| 942 ## - Dati aggiuntivi (Koha) | |
| Tipo copia default (Koha) | LIBRO |
| Fonte della classificazione o dello schema di collocazione (segnatura) | Dewey Decimal Classification |
| 999 ## - Sys Number locale (Koha) | |
| Koha Dewey Subclass [OBSOLETE] | si |
| Ritirato (status) | Perso (status) | Danneggiato (status) | Non per il presito | Biblioteca proprietaria | Biblioteca in cui si trova | Data d'acquisizione | Totale prestiti | Collocazione | Data ultima operazione | Prezzo in vigore dal | Tipo copia default (Koha) | Nota pubblica |
|---|---|---|---|---|---|---|---|---|---|---|---|---|
| Buone Condizioni | Not For Loan | CISF - Milano | CISF - Milano | 14/10/2016 | b4684-30373 | 14/10/2016 | 14/10/2016 | LIBRO | Data import 15.10.2016 / by Epidotti, Vaglietti |